LIBRARY & INFORMATION CENTRE, KCAET, TAVANUR

ONLINE PUBLIC ACCESS CATALOGUE (OPAC)

Business administration and management / (Record no. 2266)

MARC details
000 -LEADER
fixed length control field 00447cam a2200181ua 4500
041 ## - LANGUAGE CODE
Language code of text/sound track or separate title eng
082 ## - DEWEY DECIMAL CLASSIFICATION NUMBER
Classification number 658
Item number SAK/BU
100 ## - MAIN ENTRY--AUTHOR NAME
Personal name Saksena, S C .
245 ## - TITLE STATEMENT
Title Business administration and management /
250 ## - EDITION STATEMENT
Edition statement 1 /
260 ## - PUBLICATION, DISTRIBUTION, ETC. (IMPRINT)
Place of publication Agra :
Name of publisher Sahitya Bhawan ,
Year of publication 1973.
300 ## - PHYSICAL DESCRIPTION
Number of Pages 688 ; .
942 ## - ADDED ENTRY ELEMENTS (KOHA)
Koha item type Books
Holdings
Withdrawn status Lost status Damaged status Home library Current library Date acquired Full call number Accession Number Koha item type
      KAUAET KAUAET 07/04/2012 658 SAK/BU 13348 Books
free website counter